Tous les clubs ayant participé au moins une fois en Ligue 1 - Statistiques

Statistiques générales
  • Ce quiz a été pris 135 fois
  • Le résultat moyen est 50 sur 77
Statistiques - réponses
1ère saison Dernière saison Nombres de saisons Clubs % Correct
1932-33 2026-27 77 OM
100%
1951-52 2026-27 68 Lyon
99%
1945-46 2021-22 69 Bordeaux
97%
1944-45 2026-27 67 Lille
97%
1932-33 2026-27 70 Rennes
97%
1980-81 2026-27 36 Auxerre
95%
1937-38 2026-27 65 Lens
95%
1963-64 2025-26 68 Nantes
95%
1932-33 2025-26 67 Nice
95%
1934-35 2026-27 66 Strasbourg
95%
1938-39 2024-25 70 Saint-Etienne
94%
1982-83 2026-27 37 Toulouse
94%
1979-80 2026-27 21 Brest
92%
1933-34 2024-25 43 Montpellier
92%
1937-38 1966-67 19 Toulouse (1937-1967)
92%
1938-39 2026-27 28 Le Havre
91%
1945-46 2024-25 40 Stade de Reims
91%
1956-57 2026-27 34 Angers
90%
1953-54 2026-27 68 AS Monaco
90%
1998-99 2026-27 19 Lorient
90%
1974-75 2026-27 54 PSG
90%
1970-71 2016-17 30 AS Nancy
89%
1946-47 1962-63 15 FC Nancy
89%
1932-33 2025-26 65 Metz
89%
1972-73 2026-27 5 Paris FC
88%
1932-33 2013-14 66 Sochaux
84%
1967-68 2022-23 14 AC Ajaccio
83%
1968-69 2016-17 34 Bastia
82%
1988-89 2018-19 18 Caen
82%
1995-96 2018-19 13 Guingamp
82%
2011-12 2020-21 6 Dijon
80%
1939-40 2020-21 36 Nîmes
80%
1932-33 1934-35 3 SC Nîmes
80%
1960-61 2009-10 4 Grenoble
78%
2021-22 2023-24 3 Clermont
77%
2017-18 2019-20 3 Amiens
73%
1999-2000 2026-27 12 ESTAC Troyes
73%
2011-12 2014-15 4 ETG
73%
1954-55 1977-78 8 Troyes AF
73%
1955-56 2006-07 23 Sedan
71%
1936-37 1984-85 19 Rouen
67%
1959-60 1992-93 12 Toulon
67%
1932-33 1997-98 22 Cannes
66%
1935-36 2013-14 33 Valenciennes
66%
2003-04 2026-27 7 Le Mans
65%
1932-33 1974-75 16 Red Star
65%
2010-11 2010-11 1 Arles-Avignon
64%
1976-77 1988-89 13 Laval
62%
1980-81 1984-85 4 Tours
61%
1967-68 1967-68 1 Aix-en-Provence
58%
2004-05 2004-05 1 Istres
57%
1997-98 1997-98 1 Châteauroux
56%
1945-46 1954-55 10 Roubaix-Tourcoing
56%
2015-16 2015-16 1 Gazélec Ajaccio
55%
1932-33 1953-54 16 Sète
55%
1987-88 1987-88 1 Niort
51%
1936-37 1941-42 3 RC Roubaix
51%
2009-10 2009-10 1 Boulogne
50%
1932-33 1989-90 30 Racing CFF
47%
1932-33 1989-90 6 Mulhouse
44%
1993-94 1995-96 3 Martigues
41%
1995-96 1995-96 1 Gueugnon
40%
1946-47 1966-67 15 Stade français
36%
1975-76 1975-76 1 AC Avignonnais
34%
1958-59 1960-61 3 Limoges
32%
1948-49 1948-49 1 Colmar
31%
1932-33 1942-43 7 Olympique lillois
25%
1932-33 1958-59 6 Alès
24%
1957-58 1957-58 1 AS Béziers
23%
1969-70 1971-72 3 Angoulême
21%
1932-33 1939-40 7 Antibes
15%
1932-33 1932-33 1 Hyères
15%
1932-33 1942-43 7 Fives
13%
1932-33 1944-45 7 Excelsior
3%
1932-33 1932-33 1 Club français
2%
1945-46 1945-46 1 Lyon OU
2%
1932-33 1933-34 2 CA Paris-Charenton
0%
Aucun quiz correspondant
Distribution des résultats
% des personnes avec chaque résultat
Percentile par nombre de réponses
Votre historique - résultats
Vous n’avez pas pris ce quiz